| 000 | 00443aam a2200193 4500 | ||
|---|---|---|---|
| 005 | 20161116192711.0 | ||
| 008 | 150407b xxu||||| |||| 00| 0 spa d | ||
| 041 | _aspa | ||
| 082 | _a001.642.4 L473p | ||
| 100 |
_aLedin, George _932072 |
||
| 245 | _aPascal | ||
| 260 | _aMéxico | ||
| 260 | _bAlfaomega | ||
| 260 | _c1990 | ||
| 300 | _a269 páginas | ||
| 650 |
_aLENGUAJES DE PROGRAMACION _9372 |
||
| 650 |
_aPASCAL _912206 |
||
| 942 | _cBK | ||
| 999 |
_c4265 _d4265 |
||